Top 10 Most Forgotten Items - Statistics

General Stats
  • This quiz has been taken 30 times
  • The average score is 7 of 10
Answer Stats
Picture Answer % Correct
Phone Charger
93%
Toothpaste
93%
Underwear
86%
Something Warm
82%
Swimsuit
82%
Hairbrush
79%
Lock
79%
Snacks
61%
First Aid Kit
46%
Camera Accessories
43%
No matching quizzes found
Score Distribution
Percent of People with Each Score
Percentile by Number Answered
Your Score History
You have not taken this quiz